An enhanced Fenton’s fluidized bed reactor for phenolic wastewater treatment / (رقم التسجيلة. 177774)

تفاصيل مارك
000 -LEADER
fixed length control field 03652namaa22004451i 4500
003 - CONTROL NUMBER IDENTIFIER
control field EG-GICUC
005 - أخر تعامل مع التسجيلة
control field 20260121124855.0
008 - FIXED-LENGTH DATA ELEMENTS--GENERAL INFORMATION
fixed length control field 260117b2025 ua a|||frm||| 000 0 eng d
040 ## - CATALOGING SOURCE
Original cataloguing agency EG-GICUC
Language of cataloging eng
Transcribing agency EG-GICUC
Modifying agency EG-GICUC
Description conventions rda
041 0# - LANGUAGE CODE
Language code of text/sound track or separate title eng
Language code of summary or abstract eng
-- ara
049 ## - Acquisition Source
Acquisition Source Deposit
082 04 - DEWEY DECIMAL CLASSIFICATION NUMBER
Classification number 628.3
092 ## - LOCALLY ASSIGNED DEWEY CALL NUMBER (OCLC)
Classification number 628.3
Edition number 21
097 ## - Degree
Degree Ph.D
099 ## - LOCAL FREE-TEXT CALL NUMBER (OCLC)
Local Call Number Cai01.13.04.Ph.D.2025.Sa.E
100 0# - MAIN ENTRY--PERSONAL NAME
Authority record control number or standard number Salem Mohammed Maher Salem-Gaballah,
Preparation preparation.
245 13 - TITLE STATEMENT
Title An enhanced Fenton’s fluidized bed reactor for phenolic wastewater treatment /
Statement of responsibility, etc. by Salem Mohammed Maher Salem-Gaballah ; Supervisors Prof. Dr. Mai Mohammed Fouad, Dr. Fatma Ibrahim Barakat, Dr. Aliaa Abdelfatah Mohammed.
246 15 - VARYING FORM OF TITLE
Title proper/short title فينتون ذو مهد مائع محسن لمعالجة المياه العادمة الفينولية
264 #0 - PRODUCTION, PUBLICATION, DISTRIBUTION, MANUFACTURE, AND COPYRIGHT NOTICE
Date of production, publication, distribution, manufacture, or copyright notice 2025.
300 ## - PHYSICAL DESCRIPTION
Extent 246 pages :
Other physical details illustrations ;
Dimensions 30 cm. +
Accompanying material CD.
336 ## - CONTENT TYPE
Content type term text
Source rda content
337 ## - MEDIA TYPE
Media type term Unmediated
Source rdamedia
338 ## - CARRIER TYPE
Carrier type term volume
Source rdacarrier
502 ## - DISSERTATION NOTE
Dissertation note Thesis (Ph.D)-Cairo University, 2025.
504 ## - BIBLIOGRAPHY, ETC. NOTE
Bibliography, etc. note Bibliography: pages 223-261.
520 #3 - SUMMARY, ETC.
Summary, etc. This thesis studies the application of Fenton’s catalytic oxidation for the remediation of phenolic wastewaters. Fenton’s nano-catalyst was selected from has been chosen as heterogeneous Fenton’s nano-catalyst, and was incorporated into PVA in different weight ratios. The composite with 80 php has the highest ferromagnetic character as well as the highest dielectric constant. Fluidization hydrodynamics was studied in the three phase fluidized bed reactor under oscillating magnetic field. A dynamical model was proposed based on the three reactant model.
520 #3 - SUMMARY, ETC.
Summary, etc. تدرس هذه الأطروحة تطبيق أكسدة فينتون الحفزية لمعالجة مياه الصرف الفينولية. اختير محفز فينتون النانومتري من سلسلة ، 0<x<0.6. أُدمج بنسب مختلفة في PVA، وأُضيف GO 5% لتعزيز التوصيلية ونقل الإلكترونات من إلى . أظهر المتراكب النانوي البوليمري 80 جزءًا/100 من PVA (وزن/وزن) أعلى خصائص مغناطيسية حديدية، بالإضافة إلى استجابة عازلية عالية. دُرست هيدروديناميكية تمييع جسيمات المحفز المغناطيسي البوليمري في مفاعل ثلاثي الأطوار ذي مهد مميع . اقتُرح نموذج نظري لوصف سلوك التمييع تحت تأثير المجال المغناطيسي المتذبذب. دُرست النمذجة الديناميكية لتحلل مياه الصرف الفينولية في مفاعل الطبقة المميعة ثلاثي الأطوار (غاز-سائل-صلب) بالاعتماد على نموذج التفاعل المثلثي.
530 ## - ADDITIONAL PHYSICAL FORM AVAILABLE NOTE
Issues CD Issues also as CD.
546 ## - LANGUAGE NOTE
Text Language Text in English and abstract in Arabic & English.
650 #0 - SUBJECT ADDED ENTRY--TOPICAL TERM
Topical term or geographic name entry element wastewater treatment
650 #0 - SUBJECT ADDED ENTRY--TOPICAL TERM
Topical term or geographic name entry element معالجة مياه الصرف الصحي
653 #1 - INDEX TERM--UNCONTROLLED
Uncontrolled term Wastewater
-- phenolic
-- ferrites
-- fluidized bed
-- magnetic field
-- المياه العادمة
-- الفينولية
700 0# - ADDED ENTRY--PERSONAL NAME
Personal name Mai Mohammed Fouad
Relator term thesis advisor.
700 0# - ADDED ENTRY--PERSONAL NAME
Personal name Fatma Ibrahim Barakat
Relator term thesis advisor.
700 0# - ADDED ENTRY--PERSONAL NAME
Personal name Aliaa Abdelfatah Mohammed
Relator term thesis advisor.
900 ## - Thesis Information
Grant date 01-01-2025
Supervisory body Mai Mohammed Fouad
-- Fatma Ibrahim Barakat
-- Aliaa Abdelfatah Mohammed
Universities Cairo University
Faculties Faculty of Engineering
Department Department of Chemical Engineering
905 ## - Cataloger and Reviser Names
Cataloger Name Shimaa
Reviser Names Eman Ghareb
942 ## - ADDED ENTRY ELEMENTS (KOHA)
Source of classification or shelving scheme Dewey Decimal Classification
Koha item type Thesis
Edition 21
Suppress in OPAC No
المقتنيات
Source of classification or shelving scheme Home library Current library Date acquired Inventory number Full call number Barcode Date last seen Effective from Koha item type
Dewey Decimal Classification المكتبة المركزبة الجديدة - جامعة القاهرة قاعة الرسائل الجامعية - الدور الاول 17.01.2026 93157 Cai01.13.04.Ph.D.2025.Sa.E 01010110093157000 17.01.2026 17.01.2026 Thesis
Cairo University Libraries Portal Implemented & Customized by: Eng. M. Mohamady Contacts: new-lib@cl.cu.edu.eg | cnul@cl.cu.edu.eg
CUCL logo CNUL logo
© All rights reserved — Cairo University Libraries
CUCL logo
Implemented & Customized by: Eng. M. Mohamady Contact: new-lib@cl.cu.edu.eg © All rights reserved — New Central Library
CNUL logo
Implemented & Customized by: Eng. M. Mohamady Contact: cnul@cl.cu.edu.eg © All rights reserved — Cairo National University Library